| 000 | 00895nam a22001697a 4500 | ||
|---|---|---|---|
| 999 |
_c63589 _d63589 |
||
| 003 | Ge_BSU | ||
| 005 | 20251110151652.0 | ||
| 008 | 251110s1956 ge ||||| |||| 00| 0 geo d | ||
| 041 | _ageo | ||
| 080 | _a349.2(47+57) შ-87 | ||
| 100 |
_aასკარხანოვი, ს.ს. _926190 |
||
| 245 |
_aშრომის კანონმდებლობა / _cს.ს. ასკარხანოვი; სსრკ იუსტიციის სამ., სსრკ კანონმდებლობის სისტემატიზაციისა და კოდიფიკაციის სამმართველო. |
||
| 264 |
_a[თბ.] : _bსახელგამი, _c1956. |
||
| 300 |
_a212 გვ. ; _b22 სმ. |
||
| 653 | _aსსრ კავშირის შრომის კანონმდებლობა | ||
| 942 |
_2udc _cᲬᲘᲒᲜᲘ |
||